[Event "31. Torneo San Viator 2019"]
[Site "Madrid ESP"]
[Date "2019.09.08"]
[Round "1.1"]
[White "Renteria, Jorge"]
[Black "Muñoz Cebey, Ricardo"]
[Result "1-0"]
[WhiteElo "2286"]
[BlackElo "1845"]
[PlyCount "79"]
[EventDate "2019.09.08"]
[EventType "swiss"]
[EventRounds "9"]
[EventCountry "ESP"]
[SourceTitle "Ajedrez en Madrid"]
[Source "lmi"]
[SourceDate "2019.09.08"]
[SourceVersion "1"]
[SourceVersionDate "2019.10.29"]
[SourceQuality "1"]

1. e4 c6 2. d4 d5 3. e5 Bf5 4. h4 h5 5. Bg5 Qb6 6. Bd3 Bxd3 7. Qxd3 e6 8. Nd2
Ne7 9. Ngf3 Qa6 10. c4 Nf5 11. O-O Nd7 12. Qc2 Bb4 13. cxd5 cxd5 14. Nb3 O-O
15. a3 Be7 16. Rac1 b6 17. Qd2 Rac8 18. Bxe7 Nxe7 19. Qg5 Nf5 20. Qxh5 g6 21.
Qg4 Rxc1 22. Nxc1 Kg7 23. Qf4 Qc4 24. Qd2 Rh8 25. Ne2 Nxh4 26. Nxh4 Rxh4 27.
Rc1 Qa4 28. Rc7 Nf8 29. g3 Rh5 30. Kg2 a6 31. Nf4 Rh6 32. Nh3 Qe8 33. Qc1 Nh7
34. Ng5 Nxg5 35. Qxg5 Rh7 36. Qf6+ Kg8 37. Qe7 Qxe7 38. Rxe7 f6 39. Rxe6 fxe5
40. Rxg6+ 1-0

[Event "31. Torneo San Viator 2019"]
[Site "Madrid ESP"]
[Date "2019.09.08"]
[Round "1.2"]
[White "Cid Garcia, Ramon"]
[Black "Horcajada Reales, Guillermo"]
[Result "0-1"]
[WhiteElo "1839"]
[BlackElo "2154"]
[PlyCount "110"]
[EventDate "2019.09.08"]
[EventType "swiss"]
[EventRounds "9"]
[EventCountry "ESP"]
[SourceTitle "Ajedrez en Madrid"]
[Source "lmi"]
[SourceDate "2019.09.08"]
[SourceVersion "1"]
[SourceVersionDate "2019.10.29"]
[SourceQuality "1"]

1. e4 e5 2. Nf3 Nc6 3. Bc4 Bc5 4. c3 Nf6 5. d4 exd4 6. cxd4 Bb4+ 7. Bd2 Bxd2+
8. Nbxd2 d5 9. exd5 Nxd5 10. Qb3 Nce7 11. O-O O-O 12. Ne5 c6 13. a4 Qb6 14. a5
Qxd4 15. Ndf3 Qf4 16. a6 b6 17. Nxc6 Nxc6 18. Bxd5 Bd7 19. Rfc1 Rac8 20. Rc4
Qf6 21. Qc3 Qxc3 22. Rxc3 Nb4 23. Bb7 Rxc3 24. bxc3 Nd3 25. Nd4 Rb8 26. Rb1 Nc5
27. Rxb6 Nxa6 28. Rxa6 Rxb7 29. f3 Kf8 30. h4 Rc7 31. Kf2 Bc8 32. Rc6 Rxc6 33.
Nxc6 a6 34. Ke3 Bd7 35. Ne5 Ke7 36. Kd4 f6 37. Nd3 Kd6 38. c4 a5 39. g4 h6 40.
Nf2 a4 41. Ne4+ Kc6 42. Kc3 f5 43. Nf2 Kd6 44. g5 hxg5 45. hxg5 Ke6 46. Nd3 f4
47. Nxf4+ Kf5 48. Nd3 Kxg5 49. Ne5 Be8 50. c5 Kf4 51. Kd4 a3 52. Nd3+ Kxf3 53.
Kc3 Ke3 54. Ne5 a2 55. Kb2 Kd4 0-1

[Event "31. Torneo San Viator 2019"]
[Site "Madrid ESP"]
[Date "2019.09.08"]
[Round "1.3"]
[White "Medina Riesgo, Pedro"]
[Black "Recuenco Andres, Javier"]
[Result "1-0"]
[WhiteElo "2123"]
[BlackElo "1833"]
[PlyCount "87"]
[EventDate "2019.09.08"]
[EventType "swiss"]
[EventRounds "9"]
[EventCountry "ESP"]
[SourceTitle "Ajedrez en Madrid"]
[Source "lmi"]
[SourceDate "2019.09.08"]
[SourceVersion "1"]
[SourceVersionDate "2019.10.29"]
[SourceQuality "1"]

1. e4 c6 2. d3 e5 3. Nf3 d6 4. g3 Be7 5. Bg2 Nd7 6. O-O Ngf6 7. Re1 O-O 8. c3
Re8 9. d4 Qc7 10. c4 Nb6 11. b3 a5 12. a4 Bg4 13. h3 Bd7 14. c5 Nc8 15. dxe5
dxe5 16. Qc2 b6 17. cxb6 Nxb6 18. Bb2 Bb4 19. Nbd2 c5 20. Bc3 Rac8 21. Rac1 Qb8
22. Bf1 Re7 23. g4 Ne8 24. Nc4 Nxc4 25. Bxc4 h6 26. Rcd1 Bc6 27. Qb2 Qb7 28.
Bxb4 cxb4 29. Qe2 Qa8 30. g5 Kh7 31. Bxf7 g6 32. Bd5 Ng7 33. Bxc6 Rxc6 34. Rd5
Qc8 35. Rxe5 Rc2 36. Qd3 Rxe5 37. Nxe5 Rc3 38. Qd6 Qxh3 39. Qxg6+ Kh8 40. gxh6
Rc7 41. Rd1 Ne6 42. Ng4 Qf3 43. Qf6+ Qxf6 44. Nxf6 1-0

[Event "31. Torneo San Viator 2019"]
[Site "Madrid ESP"]
[Date "2019.09.08"]
[Round "1.4"]
[White "Linares Leyva, David"]
[Black "Cerviño Rossel, Cristobal"]
[Result "0-1"]
[WhiteElo "1805"]
[BlackElo "2058"]
[PlyCount "86"]
[EventDate "2019.09.08"]
[EventType "swiss"]
[EventRounds "9"]
[EventCountry "ESP"]
[SourceTitle "Ajedrez en Madrid"]
[Source "lmi"]
[SourceDate "2019.09.08"]
[SourceVersion "1"]
[SourceVersionDate "2019.10.29"]
[SourceQuality "1"]

1. c4 Nf6 2. g3 e6 3. Bg2 d5 4. Nf3 a6 5. O-O dxc4 6. Qc2 b5 7. Ne5 Nd5 8. b3
cxb3 9. axb3 Bb7 10. Ba3 Bd6 11. Bxd6 cxd6 12. Nf3 Nd7 13. Qb2 O-O 14. Rc1 Qb6
15. b4 Rfc8 16. Na3 N7f6 17. Nd4 Ng4 18. Bf3 Ne5 19. Bg2 Rab8 20. d3 h5 21. h3
h4 22. g4 Rxc1+ 23. Rxc1 Nf4 24. Bf1 Nfxd3 25. exd3 Qxd4 26. Qxd4 Nf3+ 27. Kg2
Nxd4+ 28. Kg1 Nf3+ 29. Kg2 Nd2+ 30. Kg1 Nxf1 31. Kxf1 Rc8 32. Rxc8+ Bxc8 33.
Ke2 Bb7 34. f3 Kh7 35. Ke3 Kh6 36. Nc2 Bd5 37. Nd4 g6 38. Ne2 e5 39. d4 Bc4 40.
dxe5 dxe5 41. Nc3 f5 42. Nd1 Kg5 43. Nf2 Bf1 0-1

[Event "31. Torneo San Viator 2019"]
[Site "Madrid ESP"]
[Date "2019.09.08"]
[Round "1.5"]
[White "Rodriguez Polo, Mateo"]
[Black "Periotto Miori, Fabrizio Lautaro"]
[Result "0-1"]
[WhiteElo "2037"]
[BlackElo "1803"]
[PlyCount "106"]
[EventDate "2019.09.08"]
[EventType "swiss"]
[EventRounds "9"]
[EventCountry "ESP"]
[SourceTitle "Ajedrez en Madrid"]
[Source "lmi"]
[SourceDate "2019.09.08"]
[SourceVersion "1"]
[SourceVersionDate "2019.10.29"]
[SourceQuality "1"]

1. Nf3 d5 2. c4 e6 3. g3 Nf6 4. Bg2 Be7 5. O-O O-O 6. b3 c5 7. e3 Nc6 8. Bb2 b6
9. Nc3 Bb7 10. cxd5 exd5 11. d4 Ba6 12. Re1 Ne4 13. dxc5 Nxc5 14. Bf1 Bxf1 15.
Kxf1 Bf6 16. Rb1 Nb4 17. Nd4 Nbd3 18. Re2 Re8 19. Ba1 Ne5 20. Rd2 Qc8 21. Kg2
Qb7 22. b4 Ne6 23. Nce2 Nc4 24. Rd3 Rac8 25. h4 b5 26. Kg1 Qa6 27. Nxe6 fxe6
28. Bxf6 gxf6 29. Nd4 Ne5 30. Rd2 Re7 31. Nb3 Nc4 32. Nc5 Qd6 33. Rd3 Rg7 34.
Kg2 Qc6 35. Kh2 Kh8 36. Ra1 Nb2 37. Qd2 Nxd3 38. Qxd3 a5 39. a3 Qd6 40. Qxb5
axb4 41. axb4 Rcg8 42. Ra6 Qe5 43. Rxe6 Qb2 44. Nd3 Qe2 45. Re8 Rxg3 46. Rxg8+
Rxg8 47. Qxd5 Qg4 48. Nf4 Qg1+ 49. Kh3 Qxf2 50. Nh5 Qxe3+ 51. Kh2 Qg1+ 52. Kh3
Qg4+ 53. Kh2 Qxh4# 0-1

[Event "31. Torneo San Viator 2019"]
[Site "Madrid ESP"]
[Date "2019.09.08"]
[Round "1.6"]
[White "Alvarez Poves, Jesus"]
[Black "Unciti Juan, Javier"]
[Result "0-1"]
[WhiteElo "1794"]
[BlackElo "1987"]
[PlyCount "74"]
[EventDate "2019.09.08"]
[EventType "swiss"]
[EventRounds "9"]
[EventCountry "ESP"]
[SourceTitle "Ajedrez en Madrid"]
[Source "lmi"]
[SourceDate "2019.09.08"]
[SourceVersion "1"]
[SourceVersionDate "2019.10.29"]
[SourceQuality "1"]

1. d4 Nf6 2. c4 c5 3. d5 e6 4. Nc3 g6 5. Nf3 exd5 6. cxd5 d6 7. e4 Bg7 8. h3
O-O 9. Bd3 Na6 10. O-O Nc7 11. Re1 Rb8 12. a4 a6 13. a5 b5 14. axb6 Rxb6 15.
Nd2 Nb5 16. Nc4 Rb8 17. Bf4 Ne8 18. Rc1 Bd7 19. e5 Nd4 20. e6 fxe6 21. Nxd6
Rxf4 22. Nxe8 Qxe8 23. dxe6 Bxe6 24. Nd5 Rf7 25. Rxc5 Rxb2 26. Nc7 Qf8 27. Qc1
Rfxf2 28. Rg5 Bd7 29. Qc4+ Kh8 30. Bxg6 Rxg2+ 31. Rxg2 Rxg2+ 32. Kxg2 Qf3+ 33.
Kg1 Qg3+ 34. Kh1 Qxe1+ 35. Kg2 Qd2+ 36. Kh1 hxg6 37. Qxa6 Bc6+ 0-1

[Event "31. Torneo San Viator 2019"]
[Site "Madrid ESP"]
[Date "2019.09.08"]
[Round "1.7"]
[White "Luque Ibanes, Manuel"]
[Black "Ramos Isasi, Jose"]
[Result "1/2-1/2"]
[WhiteElo "1972"]
[BlackElo "1767"]
[PlyCount "85"]
[EventDate "2019.09.08"]
[EventType "swiss"]
[EventRounds "9"]
[EventCountry "ESP"]
[SourceTitle "Ajedrez en Madrid"]
[Source "lmi"]
[SourceDate "2019.09.08"]
[SourceVersion "1"]
[SourceVersionDate "2019.10.29"]
[SourceQuality "1"]

1. e4 c6 2. d4 d5 3. exd5 cxd5 4. c4 Nf6 5. Nc3 Nc6 6. Nf3 Bf5 7. cxd5 Nxd5 8.
a3 e6 9. Bc4 Nxc3 10. bxc3 Be7 11. O-O O-O 12. Re1 Qc7 13. Qe2 Rac8 14. d5 exd5
15. Bxd5 Bf6 16. Bd2 Qd7 17. Be4 Bxe4 18. Qxe4 Na5 19. Rad1 Rfe8 20. Qc2 Rxe1+
21. Bxe1 Qc6 22. h4 h6 23. Qf5 Nc4 24. g4 Re8 25. g5 hxg5 26. hxg5 Be7 27. Rd4
g6 28. Qg4 b5 29. a4 a6 30. axb5 axb5 31. Kf1 Bxg5 32. Qd7 Qxd7 33. Rxd7 Bf6
34. Rb7 Nd6 35. Rb6 Rd8 36. Nd4 Bxd4 37. cxd4 Nf5 38. Rxb5 Nxd4 39. Rb7 Nf5 40.
Bc3 Ng7 41. Bf6 Rc8 42. Bxg7 Kxg7 43. Kg2 1/2-1/2

[Event "31. Torneo San Viator 2019"]
[Site "Madrid ESP"]
[Date "2019.09.08"]
[Round "1.8"]
[White "Sanchez Hernandez, Alvaro"]
[Black "Matesanz Bonastre, Rafael"]
[Result "0-1"]
[WhiteElo "1765"]
[BlackElo "1902"]
[PlyCount "52"]
[EventDate "2019.09.08"]
[EventType "swiss"]
[EventRounds "9"]
[EventCountry "ESP"]
[SourceTitle "Ajedrez en Madrid"]
[Source "lmi"]
[SourceDate "2019.09.08"]
[SourceVersion "1"]
[SourceVersionDate "2019.10.29"]
[SourceQuality "1"]

1. d4 d6 2. c4 e5 3. e3 Nd7 4. Nc3 f5 5. Be2 Ngf6 6. Nf3 c6 7. Qc2 g6 8. g3 Bg7
9. e4 fxe4 10. Nxe4 Nxe4 11. Qxe4 Nf6 12. Qc2 e4 13. Nd2 d5 14. cxd5 cxd5 15.
Nb3 O-O 16. O-O Bh3 17. Re1 Rc8 18. Qd1 b6 19. Bf4 Qd7 20. f3 Bf5 21. Qd2 exf3
22. Bxf3 Rc2 23. Qb4 Be4 24. Bxe4 Nxe4 25. Nd2 Nxd2 26. Bxd2 a5 0-1

[Event "31. Torneo San Viator 2019"]
[Site "Madrid ESP"]
[Date "2019.09.08"]
[Round "1.9"]
[White "Arribas Jimenez, Pedro Angel"]
[Black "Jimenez Elices, Jose Maria"]
[Result "0-1"]
[WhiteElo "1876"]
[BlackElo "1729"]
[PlyCount "111"]
[EventDate "2019.09.08"]
[EventType "swiss"]
[EventRounds "9"]
[EventCountry "ESP"]
[SourceTitle "Ajedrez en Madrid"]
[Source "lmi"]
[SourceDate "2019.09.08"]
[SourceVersion "1"]
[SourceVersionDate "2019.10.29"]
[SourceQuality "1"]

1. e4 e6 2. d4 d5 3. e5 c5 4. Qg4 cxd4 5. Bd3 Nc6 6. Nf3 Nge7 7. O-O Ng6 8. Re1
Be7 9. a3 O-O 10. b4 f5 11. Qg3 a6 12. Bb2 Bd7 13. Nbd2 Nh4 14. Nxd4 Nxd4 15.
Bxd4 Bb5 16. Bxb5 axb5 17. Nb3 b6 18. Qd3 Qc7 19. Qxb5 Qxc2 20. Re3 f4 21. Qd3
Rac8 22. Qxc2 Rxc2 23. Ree1 Bd8 24. Rec1 Rc4 25. b5 Nf5 26. Bb2 Be7 27. Rxc4
dxc4 28. Nd2 Rc8 29. Rc1 c3 30. Rxc3 Rxc3 31. Bxc3 Bxa3 32. Ne4 h6 33. Bd2 Nd4
34. Nd6 Bxd6 35. exd6 Kf7 36. Bb4 Ke8 37. Kf1 Kd7 38. Bc3 e5 39. g3 g5 40. gxf4
gxf4 41. Kg2 Ke6 42. Bxd4 exd4 43. d7 Kxd7 44. Kf1 Kd6 45. Ke2 Kc5 46. Kd3 h5
47. f3 Kxb5 48. Kxd4 Kc6 49. Kc4 b5+ 50. Kd4 Kd6 51. Ke4 b4 52. Kd4 b3 53. Kc3
Kd5 54. h4 b2 55. Kxb2 Kd4 56. Kc2 0-1

[Event "31. Torneo San Viator 2019"]
[Site "Madrid ESP"]
[Date "2019.09.08"]
[Round "1.10"]
[White "Manso Santamaria, Juan Carlos"]
[Black "Alonso Aranzabal, Iñigo"]
[Result "1/2-1/2"]
[WhiteElo "1701"]
[BlackElo "1873"]
[PlyCount "56"]
[EventDate "2019.09.08"]
[EventType "swiss"]
[EventRounds "9"]
[EventCountry "ESP"]
[SourceTitle "Ajedrez en Madrid"]
[Source "lmi"]
[SourceDate "2019.09.08"]
[SourceVersion "1"]
[SourceVersionDate "2019.10.29"]
[SourceQuality "1"]

1. e4 e5 2. Bc4 Nf6 3. d4 exd4 4. Nf3 Nc6 5. O-O Nxe4 6. Re1 d5 7. Bxd5 Qxd5 8.
Nc3 Qh5 9. Nxe4 Be6 10. Bg5 Be7 11. Bxe7 Nxe7 12. Nxd4 Qxd1 13. Raxd1 O-O-O 14.
Nxe6 fxe6 15. Ng5 Rxd1 16. Rxd1 e5 17. Kf1 Nc6 18. c3 h6 19. Ne4 b6 20. Ke2 Ne7
21. Rd3 Ng6 22. g3 Rf8 23. Rf3 Kd7 24. Rxf8 Nxf8 25. Ke3 Ke6 26. Nd2 Nd7 27. b4
Nf6 28. h3 Kd5 1/2-1/2

[Event "31. Torneo San Viator 2019"]
[Site "Madrid ESP"]
[Date "2019.09.08"]
[Round "1.11"]
[White "Garcia Galeote, Lorenzo"]
[Black "Calvo Gonzalez, Jose Felix"]
[Result "1/2-1/2"]
[WhiteElo "1873"]
[BlackElo "1683"]
[PlyCount "53"]
[EventDate "2019.09.08"]
[EventType "swiss"]
[EventRounds "9"]
[EventCountry "ESP"]
[SourceTitle "Ajedrez en Madrid"]
[Source "lmi"]
[SourceDate "2019.09.08"]
[SourceVersion "1"]
[SourceVersionDate "2019.10.29"]
[SourceQuality "1"]

1. d4 Nf6 2. c4 g6 3. Nc3 d5 4. cxd5 Nxd5 5. e4 Nxc3 6. bxc3 Bg7 7. Be3 c5 8.
Qd2 cxd4 9. cxd4 O-O 10. Nf3 Nc6 11. Rd1 Bg4 12. Be2 Qc7 13. h3 Bxf3 14. Bxf3
Rfd8 15. d5 Ne5 16. O-O Nxf3+ 17. gxf3 Rac8 18. Rc1 Qd7 19. Kg2 b6 20. Rxc8
Rxc8 21. Rc1 h5 22. Rxc8+ Qxc8 23. Bd4 Qc4 24. Bxg7 Kxg7 25. Qb2+ f6 26. Qa3
Qc7 27. Qa6 1/2-1/2

[Event "31. Torneo San Viator 2019"]
[Site "Madrid ESP"]
[Date "2019.09.08"]
[Round "1.12"]
[White "Bernal Zajarov, Mateo"]
[Black "Barahona Torrijos, Angel"]
[Result "1/2-1/2"]
[WhiteElo "1636"]
[BlackElo "1862"]
[PlyCount "180"]
[EventDate "2019.09.08"]
[EventType "swiss"]
[EventRounds "9"]
[EventCountry "ESP"]
[SourceTitle "Ajedrez en Madrid"]
[Source "lmi"]
[SourceDate "2019.09.08"]
[SourceVersion "1"]
[SourceVersionDate "2019.10.29"]
[SourceQuality "1"]

1. d4 Nf6 2. c4 e6 3. a3 d5 4. Nc3 c5 5. dxc5 Bxc5 6. Nf3 O-O 7. e3 Nc6 8. b4
Bb6 9. Bb2 d4 10. exd4 Nxd4 11. c5 Nxf3+ 12. Qxf3 Bc7 13. Ne4 Nxe4 14. Qxe4 Qd5
15. Qg4 e5 16. Qg3 Rd8 17. Qc3 Qe4+ 18. Qe3 Qc2 19. Bc3 Bg4 20. f3 Be6 21. Bb5
a6 22. Be2 Qg6 23. O-O Bh3 24. Rf2 Bf5 25. Bxe5 Re8 26. f4 b6 27. Qc3 Bxe5 28.
fxe5 bxc5 29. bxc5 Be4 30. Bc4 Re7 31. Qb3 Bf5 32. Re1 Be6 33. Bxe6 Qxe6 34.
Qxe6 Rxe6 35. Rd2 f6 36. Rd6 Kf7 37. Rxe6 Kxe6 38. exf6+ Kxf6 39. Rb1 Ra7 40.
c6 Rc7 41. Rb6 a5 42. Ra6 g6 43. Kf2 Ke6 44. Ke3 Kd5 45. g3 Rxc6 46. Rxa5+ Ke6
47. Kf4 h6 48. Re5+ Kf6 49. Re3 Ra6 50. Ke4 Kg5 51. h3 h5 52. Kd4 h4 53. g4 Kf4
54. Rb3 Re6 55. Kc5 Re2 56. a4 Rg2 57. a5 Rg3 58. Rb4+ Ke5 59. a6 Rxh3 60. Ra4
Rc3+ 61. Kb6 Rc8 62. Kb7 Rh8 63. a7 h3 64. Ra1 Kf4 65. Rg1 h2 66. Rh1 Kg3 67.
Ra1 Kxg4 68. Kc6 Kg3 69. Ra3+ Kf4 70. Ra4+ Ke5 71. Ra5+ Ke6 72. Ra1 g5 73. Rh1
g4 74. Rxh2 Rc8+ 75. Kb7 Rg8 76. Rf2 Rg7+ 77. Kb6 Rg8 78. Kb7 Rg7+ 79. Kb8 Rg8+
80. Kc7 Ke5 81. Kc6 Ke4 82. Rf7 Ra8 83. Kb7 Rg8 84. Kb6 Ra8 85. Kc5 g3 86. Kb6
g2 87. Rg7 Kf3 88. Kb7 Rf8 89. a8=Q Rxa8 90. Kxa8 Kf2 1/2-1/2

[Event "31. Torneo San Viator 2019"]
[Site "Madrid ESP"]
[Date "2019.09.08"]
[Round "1.13"]
[White "Campos Tores, Jose Luis"]
[Black "Tudela Garcia, Antonio"]
[Result "1-0"]
[WhiteElo "1854"]
[BlackElo "1582"]
[PlyCount "63"]
[EventDate "2019.09.08"]
[EventType "swiss"]
[EventRounds "9"]
[EventCountry "ESP"]
[SourceTitle "Ajedrez en Madrid"]
[Source "lmi"]
[SourceDate "2019.09.08"]
[SourceVersion "1"]
[SourceVersionDate "2019.10.29"]
[SourceQuality "1"]

1. d4 Nf6 2. c4 e6 3. Nc3 Bb4 4. a3 Bxc3+ 5. bxc3 c5 6. e3 Qa5 7. Bd2 Ne4 8.
Bd3 Nxd2 9. Qxd2 cxd4 10. cxd4 Qxd2+ 11. Kxd2 f5 12. c5 d5 13. cxd6 Kd7 14. Nf3
Kxd6 15. Ne5 Ke7 16. Rhc1 Nc6 17. Nxc6+ bxc6 18. Rxc6 Bd7 19. Rc7 Rhc8 20. Rac1
Kd6 21. Rxc8 Rxc8 22. Rxc8 Bxc8 23. Kc3 Bb7 24. f3 g5 25. e4 fxe4 26. Bxe4 Bxe4
27. fxe4 Kc6 28. Kc4 h5 29. Kb4 Kb6 30. d5 a5+ 31. Kc4 e5 32. a4 1-0

[Event "31. Torneo San Viator 2019"]
[Site "Madrid ESP"]
[Date "2019.09.08"]
[Round "1.14"]
[White "Ramos Antona, Enrique"]
[Black "Padin Lazaro, Jose Manuel"]
[Result "0-1"]
[WhiteElo "1486"]
[BlackElo "1847"]
[PlyCount "116"]
[EventDate "2019.09.08"]
[EventType "swiss"]
[EventRounds "9"]
[EventCountry "ESP"]
[SourceTitle "Ajedrez en Madrid"]
[Source "lmi"]
[SourceDate "2019.09.08"]
[SourceVersion "1"]
[SourceVersionDate "2019.10.29"]
[SourceQuality "1"]

1. d4 d5 2. c4 e6 3. Nf3 c5 4. cxd5 exd5 5. g3 Nc6 6. Bg2 Nf6 7. O-O Be7 8. Nc3
O-O 9. Bg5 c4 10. e3 Be6 11. Re1 h6 12. Bxf6 Bxf6 13. a3 Na5 14. Nd2 Qd7 15.
Rc1 Rab8 16. b4 Nc6 17. Ne2 b5 18. Nf4 Bg5 19. Nxe6 fxe6 20. f4 Be7 21. Bh3 a5
22. bxa5 Bxa3 23. Ra1 Bb4 24. a6 c3 25. Nb3 Bd6 26. e4 dxe4 27. Rxe4 Rfe8 28.
d5 Qa7+ 29. Kg2 c2 30. Qxc2 exd5 31. Be6+ Kh8 32. Bxd5 Nb4 33. Qd1 Nxd5 34.
Qxd5 Rxe4 35. Qxe4 Rb6 36. Qe8+ Kh7 37. Qe4+ Kh8 38. Qe8+ Kh7 39. Qe4+ Kh8 40.
Rc1 Rb8 41. Rc6 Bf8 42. Qe5 b4 43. Rxh6+ Kg8 44. Qe6+ Qf7 45. Qxf7+ Kxf7 46.
Rc6 Ra8 47. Kf3 Ke7 48. Ke4 Kd7 49. Rg6 Kc7 50. h4 Re8+ 51. Kd5 Re3 52. Kc4
Rc3+ 53. Kb5 Rxb3 54. Rc6+ Kb8 55. Kb6 Rc3 56. Re6 Rc8 57. a7+ Ka8 58. Re3 Bc5+
0-1

[Event "31. Torneo San Viator 2019"]
[Site "Madrid ESP"]
[Date "2019.09.15"]
[Round "2.1"]
[White "Horcajada Reales, Guillermo"]
[Black "Matesanz Bonastre, Rafael"]
[Result "1-0"]
[WhiteElo "2154"]
[BlackElo "1902"]
[PlyCount "131"]
[EventDate "2019.09.08"]
[EventType "swiss"]
[EventRounds "9"]
[EventCountry "ESP"]
[SourceTitle "Ajedrez en Madrid"]
[Source "lmi"]
[SourceDate "2019.09.08"]
[SourceVersion "1"]
[SourceVersionDate "2019.10.29"]
[SourceQuality "1"]

1. e4 e6 2. d4 d5 3. Nd2 c5 4. exd5 Qxd5 5. Ndf3 cxd4 6. Qxd4 Qxd4 7. Nxd4 Bd7
8. Ngf3 f6 9. Bc4 e5 10. Ne6 Bxe6 11. Bxe6 Bd6 12. O-O Ke7 13. Bd5 Nc6 14. Be3
Kd7 15. Rad1 Nge7 16. Be4 Kc7 17. Nd2 f5 18. Nc4 Rad8 19. Nxd6 Rxd6 20. Rxd6
Kxd6 21. Bf3 Kc7 22. Rd1 Rd8 23. Rxd8 Kxd8 24. c3 Kd7 25. Be2 Kd6 26. f3 b6 27.
Kf2 Nd5 28. Bd2 h6 29. b4 Nc7 30. Bd3 Ne7 31. h4 Kd5 32. Be3 Ne6 33. Bc2 Kd6
34. a4 Nd5 35. Bd2 Ne7 36. g3 Kd5 37. Bb3+ Kd6 38. Ke3 Nd5+ 39. Kd3 Nf6 40. Be3
e4+ 41. fxe4 fxe4+ 42. Kd2 Ng4 43. Bxe6 Kxe6 44. Bd4 g6 45. c4 Kd6 46. c5+ Kc7
47. b5 bxc5 48. Bxc5 Kb7 49. Kc3 h5 50. Kd4 Nf6 51. Be7 e3 52. Kd3 Nd5 53. Bc5
e2 54. Kxe2 Nc3+ 55. Kf3 Nxa4 56. Bd4 Nb6 57. Kf4 Nd5+ 58. Kg5 Ne7 59. Kf6 Nf5
60. Bf2 Nd6 61. Kxg6 Nxb5 62. Kxh5 a5 63. Be1 a4 64. Bb4 Kc6 65. Kg6 Kd7 66. h5
1-0

[Event "31. Torneo San Viator 2019"]
[Site "Madrid ESP"]
[Date "2019.09.15"]
[Round "2.2"]
[White "Padin Lazaro, Jose Manuel"]
[Black "Medina Riesgo, Pedro"]
[Result "0-1"]
[WhiteElo "1847"]
[BlackElo "2123"]
[PlyCount "48"]
[EventDate "2019.09.08"]
[EventType "swiss"]
[EventRounds "9"]
[EventCountry "ESP"]
[SourceTitle "Ajedrez en Madrid"]
[Source "lmi"]
[SourceDate "2019.09.08"]
[SourceVersion "1"]
[SourceVersionDate "2019.10.29"]
[SourceQuality "1"]

1. e4 c5 2. Nf3 g6 3. d4 cxd4 4. Qxd4 Nf6 5. Nc3 Nc6 6. Qa4 Bg7 7. e5 Ng8 8.
Bf4 f6 9. exf6 Nxf6 10. O-O-O d6 11. Bc4 Qa5 12. Qb3 Qf5 13. Bg3 Bd7 14. Rhe1
Na5 15. Qb4 Nxc4 16. Qxc4 Rc8 17. Rxe7+ Kxe7 18. Bxd6+ Kd8 19. Qf7 Bh6+ 20. Kb1
Rxc3 21. Nd4 Qxf2 22. Bg3 Rxg3 23. hxg3 Re8 24. Nf3 Rf8 0-1

[Event "31. Torneo San Viator 2019"]
[Site "Madrid ESP"]
[Date "2019.09.15"]
[Round "2.4"]
[White "Unciti Juan, Javier"]
[Black "Periotto Miori, Fabrizio Lautaro"]
[Result "1/2-1/2"]
[WhiteElo "1987"]
[BlackElo "1803"]
[PlyCount "77"]
[EventDate "2019.09.08"]
[EventType "swiss"]
[EventRounds "9"]
[EventCountry "ESP"]
[SourceTitle "Ajedrez en Madrid"]
[Source "lmi"]
[SourceDate "2019.09.08"]
[SourceVersion "1"]
[SourceVersionDate "2019.10.29"]
[SourceQuality "1"]

1. d4 Nf6 2. c4 g6 3. Nc3 Bg7 4. e4 d6 5. f4 O-O 6. Nf3 c5 7. d5 e6 8. Be2 exd5
9. cxd5 Re8 10. Nd2 Ng4 11. Bxg4 Qh4+ 12. g3 Qxg4 13. Qxg4 Bxg4 14. Kf2 Bd4+
15. Kg2 Bd7 16. a4 Na6 17. Kf3 f5 18. Nc4 Bxc3 19. bxc3 fxe4+ 20. Kf2 Bf5 21.
Nxd6 Red8 22. Nxf5 gxf5 23. Rd1 c4 24. Be3 Rd6 25. Rab1 b6 26. a5 Nc7 27. axb6
axb6 28. Rxb6 Rxd5 29. Rdb1 Rd3 30. Rb8+ Rd8 31. Rxd8+ Rxd8 32. Rb7 Ne6 33. Rb4
Rc8 34. Rb5 Rf8 35. Rb6 Kf7 36. Rc6 Ra8 37. Rxc4 Ra2+ 38. Kg1 Ra1+ 39. Kf2
1/2-1/2

[Event "31. Torneo San Viator 2019"]
[Site "Madrid ESP"]
[Date "2019.09.15"]
[Round "2.5"]
[White "Tenorio Garcia, Joel"]
[Black "Luque Ibanes, Manuel"]
[Result "1-0"]
[WhiteElo "1841"]
[BlackElo "1972"]
[PlyCount "55"]
[EventDate "2019.09.08"]
[EventType "swiss"]
[EventRounds "9"]
[EventCountry "ESP"]
[SourceTitle "Ajedrez en Madrid"]
[Source "lmi"]
[SourceDate "2019.09.08"]
[SourceVersion "1"]
[SourceVersionDate "2019.10.29"]
[SourceQuality "1"]

1. e4 g6 2. d4 Bg7 3. Be3 d6 4. Nc3 a6 5. f3 b5 6. Qd2 Bb7 7. Nge2 Nd7 8. Nf4
c5 9. dxc5 Nxc5 10. O-O-O Rc8 11. Nfd5 Qa5 12. Kb1 b4 13. Ne2 Bxd5 14. exd5 Nf6
15. Bd4 O-O 16. g4 e5 17. dxe6 Nxe6 18. Bxf6 Bxf6 19. h4 Qe5 20. Qc1 a5 21. f4
Qe4 22. Rh3 Rc5 23. Re3 Qc6 24. Red3 Rc8 25. Rxd6 Qe4 26. R1d2 Nxf4 27. Rxf6
Nxe2 28. Bxe2 1-0

[Event "31. Torneo San Viator 2019"]
[Site "Madrid ESP"]
[Date "2019.09.15"]
[Round "2.7"]
[White "Calvo Gonzalez, Jose Felix"]
[Black "Garcia Martin, Esteban"]
[Result "1-0"]
[WhiteElo "1683"]
[BlackElo "1875"]
[PlyCount "107"]
[EventDate "2019.09.08"]
[EventType "swiss"]
[EventRounds "9"]
[EventCountry "ESP"]
[SourceTitle "Ajedrez en Madrid"]
[Source "lmi"]
[SourceDate "2019.09.08"]
[SourceVersion "1"]
[SourceVersionDate "2019.10.29"]
[SourceQuality "1"]

1. c4 e5 2. g3 Nf6 3. Bg2 d5 4. cxd5 Nxd5 5. Nc3 Nb6 6. Nf3 Nc6 7. d3 Be7 8.
O-O O-O 9. Be3 Be6 10. Rc1 f5 11. Qd2 h6 12. Qc2 Nd5 13. Nxd5 Bxd5 14. Bc5 Rf6
15. e4 fxe4 16. dxe4 Be6 17. Qc3 Bxc5 18. Qxc5 Bxa2 19. Nxe5 Nxe5 20. Qxe5 c6
21. Rfd1 Qb6 22. Qd4 Raf8 23. Qxb6 axb6 24. f4 R6f7 25. Rc3 Be6 26. Rd6 Re7 27.
Kf2 Rfe8 28. Rcd3 Kf7 29. Bf3 Kf8 30. Bh5 Bf7 31. Bxf7 Kxf7 32. e5 Re6 33. Rxe6
Kxe6 34. Rd6+ Ke7 35. Ke3 Ra8 36. Ke4 Ra1 37. Kf5 Rh1 38. Rd2 Kf7 39. Rd7+ Ke8
40. Rxb7 Rxh2 41. Rxb6 Rg2 42. g4 g6+ 43. Kxg6 Rxg4+ 44. Kf5 Rg2 45. Rxc6 Rxb2
46. Rxh6 Rf2 47. Ke6 Kf8 48. f5 Ra2 49. Kf6 Ra6+ 50. e6 Kg8 51. Rh1 Ra8 52. Re1
Ra6 53. Kg6 Ra7 54. e7 1-0